000
00373nam a2200145Ia 4500
008
231129s2015||||xx |||||||||||||| ||spa||
020
_a
978-958-32-0212-4
040
_b
spa
082
_a
(i) 813 W651s
100
_a
Wiesner David
245
0
_a
Sr. Minino
260
_c
2015
264
_a
Bogotá Colombia : Océano
942
_2
ddc
_c
BKS
999
_c
24851
_d
24851